[Event "26th Chicago Open"]
[Site "Wheeling, IL"]
[Date "2017.05.29"]
[Round "8.33"]
[White "Larrua, Fernando"]
[Black "Lehmann, Spencer"]
[Result "1-0"]
[WhiteElo "2367"]
[BlackElo "2137"]
[PlyCount "81"]
[EventDate "2017.05.??"]
[EventType "swiss"]
[EventRounds "9"]
[EventCountry "USA"]

1. e4 e6 2. d4 d5 3. Nd2 c5 4. exd5 Qxd5 5. dxc5 Nf6 6. Ngf3 Qxc5 7. Bd3 Nbd7
8. O-O Qc7 9. Qe2 Be7 10. c4 b6 11. b3 Bb7 12. Bb2 O-O 13. Rad1 Rad8 14. Bc2
Qf4 15. Ne5 Nxe5 16. Bxe5 Qg5 17. f3 Bc5+ 18. Kh1 Nh5 19. Bc7 Rde8 20. Ne4 Bxe4
21. Qxe4 f5 22. Qe5 Qh6 23. g3 Nf6 24. Bd6 Bxd6 25. Rxd6 Qh3 26. Rf2 f4 27. g4
Qh4 28. Rg2 Qh3 29. Rf2 Qh4 30. Kg1 Kh8 31. g5 Ng8 32. Rd7 Re7 33. Rfd2 Rfe8
34. Rxe7 Nxe7 35. Rd7 Qh5 36. Be4 h6 37. Qxf4 hxg5 38. Qe5 Qf7 39. Qxg5 Kg8 40.
Rxa7 Kf8 41. Rd7 1-0

[Event "26th Chicago Open"]
[Site "Wheeling, IL"]
[Date "2017.05.29"]
[Round "8.34"]
[White "Yoo, Christopher"]
[Black "Lederer, Yoav"]
[Result "0-1"]
[WhiteElo "2129"]
[BlackElo "2259"]
[PlyCount "68"]
[EventDate "2017.05.??"]
[EventType "swiss"]
[EventRounds "9"]
[EventCountry "USA"]

1. e4 c6 2. d4 d5 3. e5 Bf5 4. h4 h5 5. c4 e6 6. Nc3 Ne7 7. Nge2 Nd7 8. cxd5
Nxd5 9. Ng3 Bg6 10. Be2 Be7 11. Nxd5 cxd5 12. Nxh5 Bxh5 13. Bxh5 g6 14. Be2
Rxh4 15. Rxh4 Bxh4 16. Qb3 Qb6 17. Bb5 O-O-O 18. Be3 Kb8 19. g3 Be7 20. Qa4 Nf8
21. Bd2 a6 22. Bd3 Rc8 23. Kd1 Ka7 24. Rb1 Bd8 25. Qe8 Qxd4 26. Be3 Bb6 27.
Qxc8 Qxd3+ 28. Kc1 d4 29. Bxd4 Bxd4 30. Qxf8 Qf1+ 31. Kc2 Qe2+ 32. Kc1 Bxf2 33.
Qa3 Be3+ 34. Qxe3+ Qxe3+ 0-1

[Event "26th Chicago Open"]
[Site "Wheeling, IL"]
[Date "2017.05.29"]
[Round "8.35"]
[White "Guo, Arthur"]
[Black "Zhang, Chao"]
[Result "0-1"]
[WhiteElo "2122"]
[BlackElo "2229"]
[PlyCount "158"]
[EventDate "2017.05.??"]
[EventType "swiss"]
[EventRounds "9"]
[EventCountry "USA"]

1. e4 e5 2. Nf3 Nc6 3. Bb5 Nf6 4. O-O Nxe4 5. Re1 Nd6 6. Nxe5 Be7 7. Bd3 Nxe5
8. Rxe5 O-O 9. Nc3 c6 10. b3 Ne8 11. Bb2 d5 12. Re1 Bd6 13. Qh5 Nf6 14. Qh4 h6
15. Ne2 Ne4 16. Qxd8 Rxd8 17. Nd4 Bf4 18. Re2 c5 19. Bxe4 dxe4 20. Rxe4 Bxd2
21. Nf3 Be6 22. Nxd2 Rxd2 23. Rc1 Bf5 24. Re5 Rad8 25. h3 Bxc2 26. Rxc5 Be4 27.
Rc8 Rxc8 28. Rxc8+ Kh7 29. Be5 Rxa2 30. Bd4 Ra3 31. Rc3 a5 32. Rg3 g5 33. Bc5
Ra1+ 34. Kh2 Kg6 35. Bb6 a4 36. bxa4 Rxa4 37. h4 Kf5 38. hxg5 hxg5 39. Rc3 Bd5
40. f3 Rb4 41. Bc5 Rb1 42. Rd3 Bc4 43. Rd2 b5 44. Kg3 Be6 45. Rd4 Rc1 46. Bd6
Rc3 47. Re4 Bc4 48. Re5+ Kg6 49. Kf2 Rc2+ 50. Kg1 f6 51. Re8 Kf5 52. Re4 Bd5
53. Rg4 Ke6 54. Bf8 Ke5 55. Bg7 Ke6 56. Bf8 Re2 57. Kf1 Re5 58. Kf2 Bc4 59. Rd4
Re2+ 60. Kg3 Ke5 61. Rd8 Ra2 62. Re8+ Kd5 63. Rc8 Bd3 64. Rc1 f5 65. Be7 f4+
66. Kh3 Bf5+ 67. Kh2 g4 68. fxg4 Be4 69. Rg1 f3 70. Kg3 fxg2 71. g5 Ke6 72. Bc5
Kf5 73. Kh4 Rc2 74. Bd6 Rc4 75. Be7 Bd3+ 76. Kg3 Bf1 77. Kf3 b4 78. Ke3 b3 79.
Bf6 Rc2 0-1

[Event "26th Chicago Open"]
[Site "Wheeling, IL"]
[Date "2017.05.29"]
[Round "8.36"]
[White "Guddanti, Harshita"]
[Black "Studen, Damir"]
[Result "1-0"]
[WhiteElo "2007"]
[BlackElo "2212"]
[PlyCount "111"]
[EventDate "2017.05.??"]
[EventType "swiss"]
[EventRounds "9"]
[EventCountry "USA"]

1. e4 d5 2. exd5 Qxd5 3. Nc3 Qd6 4. d4 c6 5. Nf3 Bg4 6. h3 Bxf3 7. Qxf3 Qxd4 8.
Bf4 e5 9. Be3 Qd8 10. Bc4 Qf6 11. Qg4 Nd7 12. O-O-O Qe7 13. Qf3 Ngf6 14. g4 e4
15. Qe2 O-O-O 16. Bxa7 b6 17. Ba6+ Kc7 18. Qc4 Qc5 19. Qxf7 Bd6 20. Na4 Qg5+
21. Kb1 Nd5 22. Rxd5 Qxd5 23. Bxb6+ Kb8 24. Qxd5 cxd5 25. Bxd8 Rxd8 26. Rd1 Nc5
27. Bb5 Nxa4 28. Bxa4 Bc5 29. Bc6 Bxf2 30. Rxd5 Rf8 31. Rb5+ Bb6 32. a4 e3 33.
Rxb6+ Kc7 34. Rb7+ Kxc6 35. Re7 Rf3 36. a5 Kb5 37. Re5+ Ka6 38. b4 e2 39. Rxe2
Kb5 40. Re7 Kxb4 41. Rxg7 Rxh3 42. a6 Ra3 43. a7 h6 44. Kb2 Ra6 45. Rc7 Kb5 46.
Kc3 Kb6 47. Rh7 Kc5 48. Kd3 Kd5 49. Ke3 Ke5 50. Kd3 Kd5 51. Rd7+ Kc6 52. Rf7
Kd5 53. c4+ Kc5 54. Rf5+ Kb4 55. Rb5+ Ka4 56. Rb7 1-0

[Event "26th Chicago Open"]
[Site "Wheeling, IL"]
[Date "2017.05.29"]
[Round "8.37"]
[White "Huang, Andy"]
[Black "Mathur, Rithwik"]
[Result "1-0"]
[WhiteElo "2165"]
[BlackElo "2073"]
[PlyCount "45"]
[EventDate "2017.05.??"]
[EventType "swiss"]
[EventRounds "9"]
[EventCountry "USA"]

1. e4 e6 2. d4 d5 3. Nd2 c5 4. exd5 Qxd5 5. Ngf3 cxd4 6. Bc4 Qd6 7. O-O Nf6 8.
Nb3 Nc6 9. Nbxd4 Nxd4 10. Nxd4 a6 11. Re1 Qc7 12. Bf1 Bd6 13. Nf5 Bxh2+ 14. Kh1
Kf8 15. Nxg7 h5 16. Nxe6+ Bxe6 17. Qd4 Be5 18. Rxe5 Ng4 19. Bf4 Nxe5 20. Bxe5
Rd8 21. Qe3 Qe7 22. Bxh8 Qh4+ 23. Kg1 1-0

[Event "26th Chicago Open"]
[Site "Wheeling, IL"]
[Date "2017.05.29"]
[Round "8.38"]
[White "Eckert, Doug"]
[Black "Gustafsson, Alexander"]
[Result "1-0"]
[WhiteElo "2152"]
[BlackElo "1974"]
[PlyCount "49"]
[EventDate "2017.05.??"]
[EventType "swiss"]
[EventRounds "9"]
[EventCountry "USA"]

1. c4 Nf6 2. g3 c6 3. Bg2 d5 4. Nf3 h6 5. O-O Bf5 6. Qb3 Qc7 7. d3 Nbd7 8. cxd5
Nc5 9. Qc2 cxd5 10. Bf4 Qb6 11. Nc3 e6 12. Nd4 Bh7 13. Ncb5 Rc8 14. b4 a6 15.
bxc5 Rxc5 16. Nc7+ Kd8 17. Qb1 Qxb1 18. Raxb1 Kc8 19. Rfc1 Nd7 20. Ncxe6 fxe6
21. Nxe6 g5 22. Nxc5 Bxc5 23. Bh3 gxf4 24. Rxc5+ Kd8 25. Rxd5 1-0

[Event "26th Chicago Open"]
[Site "Wheeling, IL"]
[Date "2017.05.29"]
[Round "8.39"]
[White "Mills, James"]
[Black "Virkud, Apurva"]
[Result "0-1"]
[WhiteElo "2097"]
[BlackElo "2252"]
[PlyCount "116"]
[EventDate "2017.05.??"]
[EventType "swiss"]
[EventRounds "9"]
[EventCountry "USA"]

1. c4 e6 2. e4 d5 3. d4 dxe4 4. Nc3 Nf6 5. Bg5 Be7 6. Nge2 Nbd7 7. Ng3 O-O 8.
Be2 b6 9. Ncxe4 Nxe4 10. Bxe7 Qxe7 11. Nxe4 Bb7 12. Bf3 Qb4+ 13. Qd2 Qxc4 14.
b3 Qa6 15. a4 Bxe4 16. Bxe4 Rad8 17. O-O-O Nf6 18. Qe3 Qa5 19. Kb2 Rd6 20. Rc1
Nxe4 21. Qxe4 Qd2+ 22. Rc2 Rxd4 23. Qe5 Qb4 24. Qxc7 Rd3 25. Qc4 Qd6 26. g3 h6
27. Rhc1 Rd8 28. Ka2 Qe5 29. Qc7 Qd5 30. Rb2 Rd7 31. Qb8+ Kh7 32. Rc7 Rxc7 33.
Qxc7 Qd7 34. Qf4 Rd1 35. Qe4+ f5 36. Qe2 Qd5 37. f3 e5 38. g4 f4 39. Qc2+ Rd3
40. Qc8 e4 41. fxe4 Qxe4 42. Qc7 f3 43. Qg3 Re3 44. g5 h5 45. Ka3 Re2 46. g6+
Qxg6 47. Qxf3 Rxb2 48. Kxb2 Qf6+ 49. Qxf6 gxf6 50. Kc3 Kg6 51. Kd3 Kg5 52. Ke3
Kg4 53. Kf2 Kf4 54. b4 Ke4 55. a5 b5 56. a6 f5 57. Ke2 f4 58. Kf2 f3 0-1

[Event "26th Chicago Open"]
[Site "Wheeling, IL"]
[Date "2017.05.29"]
[Round "8.40"]
[White "Neal, James"]
[Black "Miyasaka, Marcus"]
[Result "1-0"]
[WhiteElo "2139"]
[BlackElo "2197"]
[PlyCount "66"]
[EventDate "2017.05.??"]
[EventType "swiss"]
[EventRounds "9"]
[EventCountry "USA"]

1. e4 e5 2. Nc3 Nc6 3. Bc4 Nf6 4. d3 Bc5 5. f4 exf4 6. Bxf4 O-O 7. Qd2 Na5 8.
Bb3 Nxb3 9. axb3 d5 10. e5 Nd7 11. d4 Bb4 12. Nf3 f6 13. O-O-O fxe5 14. dxe5 c6
15. Bg5 Qa5 16. Kb1 Nc5 17. Qe3 Nxb3 18. Na2 Nc5 19. Nxb4 Qxb4 20. Be7 Rxf3 21.
gxf3 b6 22. Qg5 Qc4 23. Bxc5 Qxc5 24. Rhg1 Qf8 25. Rd4 Qf7 26. Rf4 Qc7 27. Rf6
Bh3 28. Rxc6 Qb7 29. Rd6 Rf8 30. e6 h6 31. Qxh6 Rxf3 32. Rd8+ Rf8 33. Rxf8+
Kxf8 1-0

[Event "26th Chicago Open"]
[Site "Wheeling, IL"]
[Date "2017.05.29"]
[Round "8.41"]
[White "Jayaraman, Aravind"]
[Black "Ulrich, Rachel"]
[Result "1/2-1/2"]
[WhiteElo "2178"]
[BlackElo "2178"]
[PlyCount "103"]
[EventDate "2017.05.??"]
[EventType "swiss"]
[EventRounds "9"]
[EventCountry "USA"]

1. e4 e5 2. Nf3 Nc6 3. Bb5 Nf6 4. d3 Bc5 5. O-O d6 6. Nbd2 O-O 7. Bxc6 bxc6 8.
h3 Nd7 9. Nc4 f5 10. exf5 Rxf5 11. Ne3 Rf8 12. d4 exd4 13. Nxd4 Ne5 14. b3 Qh4
15. Nxc6 Bb7 16. Nxe5 dxe5 17. Qg4 Qe7 18. Nf5 Qf6 19. Bh6 Qg6 20. Qxg6 hxg6
21. Be3 gxf5 22. Bxc5 Rf6 23. Rad1 Rc6 24. b4 a5 25. a3 axb4 26. axb4 Ra2 27.
Rd8+ Kh7 28. Rb8 Ba8 29. Re1 Rg6 30. g3 f4 31. g4 Bf3 32. Re8 Rh6 33. R8xe5
Rxh3 34. Rh5+ Rxh5 35. gxh5 Kh6 36. Rc1 Kxh5 37. Kf1 Be4 38. Ke2 g5 39. Kd2 Ra3
40. Re1 Bf5 41. Re7 c6 42. Re5 Kg6 43. b5 Ra2 44. bxc6 Rxc2+ 45. Kd1 Ra2 46. c7
Ra8 47. Bb6 Rg8 48. Rd5 g4 49. Rd8 Kf7 50. Rd4 g3 51. fxg3 fxg3 52. Rd8 1/2-1/2

[Event "26th Chicago Open"]
[Site "Wheeling, IL"]
[Date "2017.05.29"]
[Round "8.42"]
[White "Lin, Andy"]
[Black "Titus, Andrew"]
[Result "1/2-1/2"]
[WhiteElo "2147"]
[BlackElo "2129"]
[PlyCount "88"]
[EventDate "2017.05.??"]
[EventType "swiss"]
[EventRounds "9"]
[EventCountry "USA"]

1. Nf3 d5 2. g3 Nf6 3. Bg2 e6 4. O-O Be7 5. d4 O-O 6. c4 c6 7. Qc2 b6 8. Nbd2
Bb7 9. e4 dxe4 10. Nxe4 Nbd7 11. Rd1 Qc8 12. Bf4 c5 13. Nd6 Bxd6 14. Bxd6 Re8
15. dxc5 Nxc5 16. b3 Nce4 17. Be5 Ng4 18. Bd4 e5 19. Nxe5 Nexf2 20. Nxg4 Nxg4
21. Re1 Bxg2 22. Qxg2 Qd7 23. Bb2 Qf5 24. h3 Qc5+ 25. Kh1 Nf2+ 26. Kh2 Nd3 27.
Re2 Qh5 28. Rd2 Nxb2 29. Rxb2 Rad8 30. Rf1 Rd7 31. Qf3 Qxf3 32. Rxf3 Re1 33.
Rff2 f6 34. Rbd2 Rde7 35. Kg2 Kf7 36. Rf1 R1e5 37. Rfd1 h5 38. h4 Re3 39. Kf2
Kg6 40. Rc1 R3e5 41. Rc3 Re1 42. c5 bxc5 43. Rxc5 Rh1 44. Rcc2 Ra1 1/2-1/2

[Event "26th Chicago Open"]
[Site "Wheeling, IL"]
[Date "2017.05.29"]
[Round "8.43"]
[White "Khanna, Ravi"]
[Black "Wang, Xiexin"]
[Result "1/2-1/2"]
[WhiteElo "2061"]
[BlackElo "2000"]
[PlyCount "51"]
[EventDate "2017.05.??"]
[EventType "swiss"]
[EventRounds "9"]
[EventCountry "USA"]

1. e4 e6 2. b3 d5 3. Bb2 dxe4 4. Nc3 Nf6 5. Qe2 Be7 6. g4 Nc6 7. Nxe4 Nxe4 8.
Qxe4 Bf6 9. c3 Qd5 10. f3 Bh4+ 11. Kd1 O-O 12. c4 Qxe4 13. fxe4 e5 14. Be2 Be7
15. Nf3 Bxg4 16. Nxe5 Bxe2+ 17. Kxe2 Bf6 18. Nxc6 Bxb2 19. Ne7+ Kh8 20. Rab1
Be5 21. h4 Rae8 22. Nf5 g6 23. Ne3 Bd4 24. Kd3 Bxe3 25. Kxe3 f5 26. d3 1/2-1/2

[Event "26th Chicago Open"]
[Site "Wheeling, IL"]
[Date "2017.05.29"]
[Round "8.44"]
[White "Wongso, Steve"]
[Black "Tsay, Vincent"]
[Result "1-0"]
[WhiteElo "1636"]
[BlackElo "1980"]
[PlyCount "69"]
[EventDate "2017.05.??"]
[EventType "swiss"]
[EventRounds "9"]
[EventCountry "USA"]

1. e4 e5 2. Nf3 Nc6 3. Nc3 Nf6 4. Bb5 Bd6 5. O-O O-O 6. Re1 Nd4 7. Bf1 Nxf3+ 8.
Qxf3 Re8 9. d3 h6 10. Qg3 Kh7 11. Be3 c6 12. Rad1 Bc7 13. Ne2 d5 14. c3 Ng4 15.
h3 Nxe3 16. Qxe3 Re6 17. Kh1 Qd6 18. g3 f5 19. Bg2 f4 20. Qf3 Rf6 21. gxf4 exf4
22. Nd4 Rg6 23. exd5 Bd7 24. dxc6 Bxc6 25. Nxc6 bxc6 26. Re2 Rf8 27. d4 Rf5 28.
Rde1 Qd8 29. Re6 Rfg5 30. Rxg6 Rxg6 31. Rg1 Qg5 32. Qg4 Qf6 33. Be4 f3 34.
Qxg6+ Qxg6 35. Bxg6+ 1-0

[Event "26th Chicago Open"]
[Site "Wheeling, IL"]
[Date "2017.05.29"]
[Round "8.46"]
[White "Ramoutar, Alan-Safar"]
[Black "Freitag, Todd"]
[Result "1/2-1/2"]
[WhiteElo "1943"]
[BlackElo "2100"]
[PlyCount "106"]
[EventDate "2017.05.??"]
[EventType "swiss"]
[EventRounds "9"]
[EventCountry "USA"]

1. e4 c5 2. Nc3 e6 3. f4 d5 4. Nf3 Be7 5. Bb5+ Bd7 6. Bxd7+ Qxd7 7. d3 Nc6 8.
O-O dxe4 9. dxe4 O-O-O 10. Qxd7+ Rxd7 11. Be3 Nf6 12. h3 Nd4 13. Rac1 Nxf3+ 14.
Rxf3 Rhd8 15. Rff1 b5 16. e5 Nd5 17. Nxd5 Rxd5 18. Kf2 R5d7 19. Ke2 Kb7 20. c4
b4 21. Rcd1 Kc6 22. Rxd7 Rxd7 23. Rd1 Rb7 24. b3 a5 25. Kf3 a4 26. g4 Ra7 27.
f5 axb3 28. axb3 Ra2 29. Rd2 Ra1 30. fxe6 fxe6 31. Rd3 Rb1 32. Bd2 Kc7 33. Be3
Rb2 34. Bd2 Rc2 35. Ke4 Rb2 36. Kf3 Rb1 37. Be3 Rf1+ 38. Kg2 Re1 39. Kf2 Rb1
40. Kf3 Rh1 41. Kg2 Ra1 42. Kf3 Kc6 43. Kg2 Rb1 44. Kf3 Rb2 45. Bd2 h6 46. Be3
Rc2 47. Bd2 Bh4 48. Rd6+ Kc7 49. Rd3 Bg5 50. Bxg5 hxg5 51. Ke4 Re2+ 52. Re3 Rb2
53. Rd3 Re2+ 1/2-1/2

[Event "26th Chicago Open"]
[Site "Wheeling, IL"]
[Date "2017.05.29"]
[Round "9.1"]
[White "Nyzhnyk, Illia"]
[Black "Sevian, Samuel"]
[Result "1/2-1/2"]
[WhiteElo "2610"]
[BlackElo "2585"]
[PlyCount "25"]
[EventDate "2017.05.??"]
[EventType "swiss"]
[EventRounds "9"]
[EventCountry "USA"]
[WhiteClock "1:47:35"]
[BlackClock "1:34:47"]

1. Nf3 d5 2. d4 Nf6 3. Bf4 e6 4. e3 c5 5. c3 Nc6 6. Nbd2 Bd6 7. Bg3 O-O 8. Bb5
Ne7 9. Bd3 c4 10. Bc2 b5 11. e4 dxe4 12. Nxe4 Nxe4 13. Bxe4 1/2-1/2

[Event "26th Chicago Open"]
[Site "Wheeling, IL"]
[Date "2017.05.29"]
[Round "9.2"]
[White "Belous, Vladimir"]
[Black "Brown, Michael"]
[Result "1/2-1/2"]
[WhiteElo "2587"]
[BlackElo "2489"]
[PlyCount "59"]
[EventDate "2017.05.??"]
[EventType "swiss"]
[EventRounds "9"]
[EventCountry "USA"]
[WhiteClock "0:49:51"]
[BlackClock "0:51:02"]

1. Nf3 Nf6 2. c4 e6 3. g3 d5 4. Bg2 Be7 5. O-O O-O 6. d4 dxc4 7. Qc2 a6 8. Rd1
b5 9. Ne5 Nd5 10. b3 Bb7 11. bxc4 Nb4 12. Qc3 Bxg2 13. Kxg2 c5 14. Bb2 Bf6 15.
Qf3 Nd7 16. Nxd7 Qxd7 17. Nc3 cxd4 18. Ne4 Be5 19. e3 Nc6 20. Rac1 b4 21. Nc5
Qc7 22. exd4 Nxd4 23. Bxd4 Bxd4 24. Nxa6 Rxa6 25. Rxd4 Qc5 26. Rd2 Ra3 27. Qe4
g6 28. h4 h5 29. Rcc2 Rc8 30. Rd3 1/2-1/2

[Event "26th Chicago Open"]
[Site "Wheeling, IL"]
[Date "2017.05.29"]
[Round "9.3"]
[White "Friedel, Joshua"]
[Black "Harmon-Vellotti, Luke"]
[Result "1-0"]
[WhiteElo "2528"]
[BlackElo "2449"]
[PlyCount "61"]
[EventDate "2017.05.??"]
[EventType "swiss"]
[EventRounds "9"]
[EventCountry "USA"]
[WhiteClock "0:14:29"]
[BlackClock "0:28:25"]

1. d4 Nf6 2. c4 e6 3. Nc3 Bb4 4. Nf3 b6 5. e3 Bb7 6. Bd3 Ne4 7. O-O Bxc3 8.
bxc3 O-O 9. Nd2 Nxd2 10. Bxd2 d6 11. e4 c5 12. f4 Nc6 13. d5 Na5 14. f5 exf5
15. exf5 f6 16. Qh5 b5 17. cxb5 Bxd5 18. Rf4 c4 19. Be4 Qb6+ 20. Kh1 Bf7 21.
Qh3 Rae8 22. Bf3 Qxb5 23. Rh4 Qb2 24. Rg1 h5 25. Bf4 Qf2 26. Bg3 Qd2 27. Bxh5
Bxh5 28. Rxh5 Kf7 29. Qg4 Rg8 30. Rd1 Qc2 31. Bxd6 1-0

[Event "26th Chicago Open"]
[Site "Wheeling, IL"]
[Date "2017.05.29"]
[Round "9.4"]
[White "Stukopin, Andrey"]
[Black "Mitkov, Nikola"]
[Result "1-0"]
[WhiteElo "2586"]
[BlackElo "2454"]
[PlyCount "89"]
[EventDate "2017.05.??"]
[EventType "swiss"]
[EventRounds "9"]
[EventCountry "USA"]
[WhiteClock "0:26:23"]
[BlackClock "0:27:02"]

1. e4 e5 2. Nf3 Nc6 3. Nc3 Nf6 4. Bb5 Bc5 5. Bxc6 dxc6 6. d3 Bd6 7. h3 c5 8. b3
Be6 9. Bb2 Nd7 10. Qd2 Nb8 11. Ng5 Bd7 12. f4 exf4 13. Nf3 Nc6 14. Nd5 Nd4 15.
Nxd4 cxd4 16. Bxd4 O-O 17. O-O-O Be6 18. Bb2 Bxd5 19. exd5 a5 20. c4 Re8 21.
Kb1 Qh4 22. Rhf1 b6 23. d4 Re3 24. Qc2 Rae8 25. c5 Re2 26. Qc1 Bf8 27. d6 cxd6
28. cxb6 Rxg2 29. d5 f3 30. Rxf3 Qe4+ 31. Rfd3 Qb4 32. Bd4 g6 33. a3 Qb5 34.
Qc4 Qd7 35. Qc6 Qd8 36. R1d2 Rxd2 37. Rxd2 Bg7 38. b7 Bxd4 39. Rxd4 Kg7 40. b4
Re2 41. Qc3 Kh6 42. b8=Q Qxb8 43. Rh4+ Kg5 44. Qg3+ Kf6 45. Qf3+ 1-0

[Event "26th Chicago Open"]
[Site "Wheeling, IL"]
[Date "2017.05.29"]
[Round "9.5"]
[White "Shetty, Atulya"]
[Black "Shabalov, Alexander"]
[Result "1/2-1/2"]
[WhiteElo "2422"]
[BlackElo "2556"]
[PlyCount "71"]
[EventDate "2017.05.??"]
[EventType "swiss"]
[EventRounds "9"]
[EventCountry "USA"]

1. c4 b6 2. d4 e6 3. a3 f5 4. Nc3 Nf6 5. g3 Ba6 6. Bg2 c6 7. b3 d5 8. Nf3 Bd6
9. Nd2 O-O 10. Bb2 Nbd7 11. b4 Rc8 12. b5 cxb5 13. cxd5 e5 14. dxe5 Bxe5 15.
Rc1 Re8 16. Bf3 Ne4 17. Ndxe4 fxe4 18. Bg4 Rc4 19. O-O Nc5 20. Ba1 Bb7 21. d6
a6 22. d7 Rf8 23. Nxb5 Rxc1 24. Qxc1 Nxd7 25. Bxd7 Bxa1 26. Be6+ Kh8 27. Qxa1
axb5 28. Rd1 Qg5 29. Qd4 Qc5 30. e3 Qxa3 31. Qxb6 Qb2 32. Bf5 Qe5 33. Rd8 Qxf5
34. Rxf8+ Qxf8 35. Qxb7 Qe8 36. h4 1/2-1/2

[Event "26th Chicago Open"]
[Site "Wheeling, IL"]
[Date "2017.05.29"]
[Round "9.6"]
[White "Perelshteyn, Eugene"]
[Black "Sarkar, Justin"]
[Result "1-0"]
[WhiteElo "2511"]
[BlackElo "2375"]
[PlyCount "129"]
[EventDate "2017.05.??"]
[EventType "swiss"]
[EventRounds "9"]
[EventCountry "USA"]

1. d4 Nf6 2. c4 g6 3. Nc3 d5 4. Nf3 Bg7 5. cxd5 Nxd5 6. Bg5 c5 7. Rc1 Nxc3 8.
bxc3 Qa5 9. Qd2 Nc6 10. d5 Ne5 11. Nxe5 Bxe5 12. h4 h6 13. Bf4 Qc7 14. Bxe5
Qxe5 15. g3 Qe4 16. f3 Qe5 17. Kf2 f5 18. f4 Qd6 19. Bg2 Bd7 20. c4 h5 21. Rb1
b6 22. Qc3 O-O 23. Qe5 Rab8 24. Rhc1 b5 25. cxb5 Rxb5 26. Rxb5 Bxb5 27. Rc3 Rc8
28. e4 fxe4 29. Bxe4 Be8 30. Ra3 c4 31. Qxd6 exd6 32. Rc3 Rc5 33. Ke3 Kg7 34.
Kd4 Bb5 35. Bc2 Kf6 36. Ra3 a6 37. Rc3 a5 38. Ra3 Be8 39. Rc3 Bb5 40. Bb1 Ba6
41. Be4 Rc7 42. Bf3 Bb5 43. Be2 Kf5 44. Bxc4 Bxc4 45. Rxc4 Re7 46. Kd3 Re1 47.
Rc6 Rg1 48. Rxd6 Rxg3+ 49. Kd4 Ra3 50. Rd8 Kxf4 51. Rf8+ Kg3 52. d6 Rxa2 53.
Kc3 Ra3+ 54. Kc4 Ra4+ 55. Kc5 Ra1 56. d7 Rd1 57. d8=Q Rxd8 58. Rxd8 Kxh4 59.
Kd4 Kg3 60. Ke3 g5 61. Rd5 g4 62. Rxh5 a4 63. Ra5 Kh3 64. Kf2 g3+ 65. Kg1 1-0

[Event "26th Chicago Open"]
[Site "Wheeling, IL"]
[Date "2017.05.29"]
[Round "9.7"]
[White "Liang, Awonder"]
[Black "Patel, Advait"]
[Result "1-0"]
[WhiteElo "2488"]
[BlackElo "2365"]
[PlyCount "65"]
[EventDate "2017.05.??"]
[EventType "swiss"]
[EventRounds "9"]
[EventCountry "USA"]

1. e4 e5 2. Nf3 Nc6 3. Bb5 a6 4. Ba4 Nf6 5. O-O b5 6. Bb3 Bc5 7. c3 d6 8. d4
Bb6 9. Be3 O-O 10. Nbd2 h6 11. h3 Re8 12. Re1 Bb7 13. Bc2 exd4 14. cxd4 Nb4 15.
d5 c6 16. dxc6 Nxc6 17. a4 Rc8 18. axb5 axb5 19. Bd3 d5 20. Bxb6 Qxb6 21. e5
Nd7 22. Bf5 Qc7 23. e6 fxe6 24. Bxe6+ Kh8 25. Rc1 Qd6 26. Ng5 Nce5 27. Rxc8
Bxc8 28. Nde4 Qe7 29. Bxd5 Nb6 30. Nd6 Qxd6 31. Nf7+ Nxf7 32. Rxe8+ Kh7 33.
Qc2+ 1-0

[Event "26th Chicago Open"]
[Site "Wheeling, IL"]
[Date "2017.05.29"]
[Round "9.8"]
[White "Gurevich, Daniel"]
[Black "Grabinsky, Aaron"]
[Result "1-0"]
[WhiteElo "2460"]
[BlackElo "2351"]
[PlyCount "133"]
[EventDate "2017.05.??"]
[EventType "swiss"]
[EventRounds "9"]
[EventCountry "USA"]

1. e4 c6 2. d4 d5 3. e5 Bf5 4. h4 h5 5. Bd3 Bxd3 6. Qxd3 e6 7. Bg5 Be7 8. Nf3
Nd7 9. Nc3 Nh6 10. Ne2 Qa5+ 11. c3 Qb5 12. Qc2 Nf5 13. Ng3 g6 14. b3 Rc8 15.
Nxf5 gxf5 16. c4 Qa5+ 17. Ke2 Rg8 18. Rhe1 Bb4 19. Rec1 Ba3 20. Rd1 Qa6 21. Qd3
Be7 22. Kf1 Nb6 23. Rac1 Bxg5 24. Nxg5 Ke7 25. Kg1 Rgd8 26. Qe2 Rh8 27. Rd2 Qa3
28. Rdc2 Qb4 29. Rc3 Rcd8 30. Qe3 Rhg8 31. c5 Nd7 32. Ra1 a5 33. a3 Qb5 34. Qd2
Rc8 35. Rac1 Rg7 36. Rg3 Rcg8 37. Rcc3 Qa6 38. Qd1 Rh8 39. Rcf3 Nf8 40. Qd2 Qa8
41. Ne4 Rxg3 42. Nxg3 Qd8 43. b4 a4 44. Ne2 Ng6 45. g3 Kd7 46. b5 Rg8 47. Kf1
Ke8 48. Nc3 f4 49. bxc6 bxc6 50. Nxa4 fxg3 51. fxg3 Ne7 52. Nc3 Qa5 53. Qb2 Kf8
54. Qb6 Qa8 55. Ne2 Nf5 56. Kf2 Kg7 57. Qb4 Kh7 58. Rb3 Rg4 59. Qb8 Qa4 60. Qb4
Qa6 61. Qb7 Qc4 62. Qxf7+ Ng7 63. Rb7 Kh6 64. Rb8 Kh7 65. Qg8+ Kh6 66. Qh8+ Kg6
67. Rf8 1-0

[Event "26th Chicago Open"]
[Site "Wheeling, IL"]
[Date "2017.05.29"]
[Round "9.9"]
[White "Li, Ruifeng"]
[Black "Shmelov, Denys"]
[Result "1-0"]
[WhiteElo "2574"]
[BlackElo "2415"]
[PlyCount "61"]
[EventDate "2017.05.??"]
[EventType "swiss"]
[EventRounds "9"]
[EventCountry "USA"]

1. e4 c6 2. Nc3 d5 3. Nf3 Bg4 4. h3 Bxf3 5. Qxf3 e6 6. d4 dxe4 7. Qxe4 Nf6 8.
Qd3 Na6 9. a3 Be7 10. g3 O-O 11. Bg2 Qd7 12. O-O Rfd8 13. Be3 Nc7 14. Ne2 Ncd5
15. Bd2 b5 16. b3 Rac8 17. Ba5 Nb6 18. Rfd1 c5 19. Qf3 c4 20. Nc3 Rf8 21. Bxb6
axb6 22. b4 Rc7 23. d5 e5 24. Qe3 Bd6 25. Qxb6 Rb7 26. Qc6 Rfb8 27. a4 Bxb4 28.
Nxb5 Rc8 29. Qxd7 Nxd7 30. Rdb1 Bc5 31. d6 1-0

[Event "26th Chicago Open"]
[Site "Wheeling, IL"]
[Date "2017.05.29"]
[Round "9.10"]
[White "Popilski, Gil"]
[Black "Tarjan, James"]
[Result "1-0"]
[WhiteElo "2544"]
[BlackElo "2411"]
[PlyCount "69"]
[EventDate "2017.05.??"]
[EventType "swiss"]
[EventRounds "9"]
[EventCountry "USA"]

1. e4 e5 2. Nf3 Nc6 3. Bb5 a6 4. Ba4 Nf6 5. O-O Be7 6. Re1 b5 7. Bb3 d6 8. c3
O-O 9. h3 Nb8 10. d4 Nbd7 11. c4 c6 12. a3 bxc4 13. Bxc4 Nxe4 14. dxe5 d5 15.
Bd3 Ndc5 16. Bc2 f5 17. exf6 Bxf6 18. Nbd2 Bf5 19. Re2 Qb6 20. Nf1 Rad8 21. Ne3
Bg6 22. Ng4 d4 23. Nxf6+ Rxf6 24. Bxe4 Nxe4 25. Ng5 Nc5 26. b4 Nd3 27. Bd2 h6
28. Qb3+ Kh8 29. Nf3 Qb5 30. Re7 Rxf3 31. gxf3 Qh5 32. Qe6 Kh7 33. Qf6 Rg8 34.
Qxd4 Qxh3 35. Bc3 1-0

[Event "26th Chicago Open"]
[Site "Wheeling, IL"]
[Date "2017.05.29"]
[Round "9.12"]
[White "Vazquez, Guillermo"]
[Black "He, Anthony"]
[Result "1-0"]
[WhiteElo "2443"]
[BlackElo "2307"]
[PlyCount "103"]
[EventDate "2017.05.??"]
[EventType "swiss"]
[EventRounds "9"]
[EventCountry "USA"]

1. Nf3 Nf6 2. g3 g6 3. Bg2 Bg7 4. O-O O-O 5. c4 d5 6. cxd5 Nxd5 7. d4 Nb6 8.
Nc3 Nc6 9. e3 Re8 10. Nh4 e5 11. d5 Na5 12. Rb1 e4 13. Nxe4 Nxd5 14. Qa4 Nc6
15. Rd1 Nce7 16. Nc5 b5 17. Qb3 c6 18. e4 Qb6 19. exd5 Qxc5 20. Be3 Qc4 21.
dxc6 Be6 22. Qxc4 bxc4 23. b4 c3 24. Rbc1 Bxa2 25. b5 Bc4 26. c7 Rac8 27. b6
axb6 28. Bxb6 Ba6 29. Rd8 g5 30. Bh3 Ra8 31. c8=Q Rxc8 32. Bxc8 Rxd8 33. Bxd8
Nxc8 34. Nf5 Be5 35. Bxg5 Bd3 36. Nh6+ Kf8 37. Ng4 Bd6 38. Rxc3 Bf5 39. Nf6 Be5
40. Rc5 Bxf6 41. Bxf6 Be6 42. Rh5 Kg8 43. g4 Nd6 44. f3 Ne8 45. Bd4 Nc7 46. Kf2
Nd5 47. Rg5+ Kf8 48. Rg7 h6 49. Rh7 Ke7 50. Rxh6 Nf4 51. Be3 Nd3+ 52. Kg3 1-0